| 000 | 02321cam a2200457Ka 4500 | ||
|---|---|---|---|
| 001 | ocn646510115 | ||
| 005 | 20160404124432.0 | ||
| 008 | 160404s2004 xxuao frb 000 0 eng d | ||
| 020 | _z0520243536 | ||
| 020 | _z9780520243538 | ||
| 020 | _z0520243544 | ||
| 020 | _z9780520243545 (pbk. : alk. paper) | ||
| 035 |
_a(OCoLC)646510115 _z(OCoLC)609847884 |
||
| 040 |
_aCo-BoUCM _bspa _cSaul Niño _dSaul Niño |
||
| 041 | 1 |
_aeng _hspa |
|
| 100 | 1 |
_aApollinaire, Guillaume _d1880-1918 _976132 |
|
| 245 | 1 | 4 |
_aThe cubist painters _cGuillaume Apollinaire ; translated, with commentary by Peter Read |
| 260 |
_aBerkeley (California, Estados Unidos) _bUniversity of California Press _c2004 |
||
| 300 |
_a234 páginas _bilustraciones, fotografías |
||
| 490 | 0 | _aDocuments of twentieth-century art | |
| 500 | _aTraducción de: Los pintores cubistas. | ||
| 504 | _aIncluye referencias bibliográficas | ||
| 505 | 0 | _a1: Guillaume Apollinaire, The cubist painters -- On painting -- New Painters -- Picasso -- Georges Braque -- Jean Metzinger -- Albert Gleizes -- Marie Laurencin -- Juan Gris -- Fernand Leger -- Francis Picabia -- Marcel Duchamp -- Duchamp-Villon -- 2: Peter Read, Apollinaire and cubism -- Apollinaire as art critic before The cubist painters -- Apollinaire and cubism -- The cubist painters: Genesis of the book -- The cubist painters: structure, style and modern beauty -- The cubist painters and the enemies of cubism -- Aesthetic meditations. The cubist painters -- Critical response to The cubist painters -- Translations. | |
| 546 | _aTexto en ingles | ||
| 600 | 1 | 4 |
_aPicasso, Pablo _d1881-1973 _937003 |
| 600 | 1 | 4 |
_aBraque, Georges _d1882-1963 _976235 |
| 600 | 1 | 4 |
_aMetzinger, Jean _d1883-1956 _976418 |
| 600 | 1 | 4 |
_aGleizes, Albert _976419 |
| 600 | 1 | 4 |
_aLaurencin, Marie _976420 |
| 600 | 1 | 4 |
_aGris, Juan _d1887-1927 _976236 |
| 600 | 1 | 4 |
_aLéger, Fernand _d1881-1955 _976237 |
| 600 | 1 | 4 |
_aPicabia, Francis _d1879-1953. _976421 |
| 600 | 1 | 4 |
_aDuchamp, Marcel _d1887-1968 _976422 |
| 600 | 1 | 4 |
_aDuchamp-Villon, Raymond _d1876-1918 _976423 |
| 650 | 7 |
_aCubismo _912237 |
|
| 650 | 7 |
_aPostimpresionismo (Arte) _922119 |
|
| 690 | 0 |
_aArte _99444 |
|
| 700 | 1 |
_aRead, Peter _q(Peter F.) _etraductor _976424 |
|
| 942 |
_2DEWEY _a17 _cLIBRO _e1 _h759.06 _mA643cu |
||
| 999 |
_c302913 _d302913 |
||